000 00632nam a2200205 a 4500
005 20230901063537.0
008 991125s1994 es 000 0 spa u
020 _a8437237947
035 _aUPN01000003076
049 _aI
050 4 _aAE61
_bB598 no.55
100 1 _aCotterell, Arthur
_934771
245 1 3 _aLa antigua China /
_cArthur Cotterell ; tr. Pedro Barbadillo ; fotos Alan Hills y Geoff Brightting.
260 _aMadrid :
_bAltea,
_c1994.
300 _a64 p. :
_bil. col.
440 0 _aBiblioteca Visual Altea ;
_v55
651 4 _aCHINA -
_xANTIGUEDADES
_911843
651 7 _aChina
_xHistoria
_2
_95795
905 _aInfantil
999 _c3076
_d3076